MARC details
| 000 -LEADER |
| fixed length control field |
01081nam a2200277#a 4500 |
| 001 - CONTROL NUMBER |
| control field |
00610 |
| 003 - CONTROL NUMBER IDENTIFIER |
| control field |
HDC |
| 007 - PHYSICAL DESCRIPTION FIXED FIELD--GENERAL INFORMATION |
| fixed length control field |
ta |
| 008 - FIXED-LENGTH DATA ELEMENTS--GENERAL INFORMATION |
| fixed length control field |
230623s2008 xx 000 0 eng d |
| 020 ## - INTERNATIONAL STANDARD BOOK NUMBER |
| International Standard Book Number |
9780553805093 (hbk.). |
| 040 ## - CATALOGING SOURCE |
| Original cataloging agency |
HDC |
| 050 ## - LIBRARY OF CONGRESS CALL NUMBER |
| Classification number |
HG 172 |
| Item number |
.B84 S37 2008 |
| 100 ## - MAIN ENTRY--PERSONAL NAME |
| Personal name |
Schroeder, Alice. |
| 245 #4 - TITLE STATEMENT |
| Title |
The snowball : |
| Remainder of title |
Warren Buffett and the business of life / |
| Statement of responsibility, etc. |
Alice Schroeder. |
| 264 ## - PRODUCTION, PUBLICATION, DISTRIBUTION, MANUFACTURE, AND COPYRIGHT NOTICE |
| Place of production, publication, distribution, manufacture |
New York : |
| Name of producer, publisher, distributor, manufacturer |
Bantam Books, |
| Date of production, publication, distribution, manufacture, or copyright notice |
2008. |
| 300 ## - PHYSICAL DESCRIPTION |
| Extent |
xi,960 p., [32] p. of plates : |
| Other physical details |
ill. ; |
| Dimensions |
25cm. |
| 500 ## - GENERAL NOTE |
| General note |
Includes bibliographical references (p. [839]-928) and index. |
| 520 ## - SUMMARY, ETC. |
| Summary, etc. |
"A portrait of the life and career of investment guru Warren Buffett sheds new light on the man, as well as on the work, ideas, business principles, strategies, and no-nonsense insights that have guided his phenomenally successful business endeavors." |
| 610 ## - SUBJECT ADDED ENTRY--CORPORATE NAME |
| Corporate name or jurisdiction name as entry element |
Buffett, Warren. |
| 650 ## - SUBJECT ADDED ENTRY--TOPICAL TERM |
| Topical term or geographic name entry element |
Capitalists and financiers |
| Geographic subdivision |
United States |
| Form subdivision |
Biography. |
| 650 ## - SUBJECT ADDED ENTRY--TOPICAL TERM |
| Topical term or geographic name entry element |
Investments |
| Geographic subdivision |
United States. |
| 942 ## - ADDED ENTRY ELEMENTS (KOHA) |
| Source of classification or shelving scheme |
Library of Congress Classification |
| 942 ## - ADDED ENTRY ELEMENTS (KOHA) |
| Koha item type |
Book |
| 942 ## - ADDED ENTRY ELEMENTS (KOHA) |
| Call number prefix |
HG 172 |
| 942 ## - ADDED ENTRY ELEMENTS (KOHA) |
| Call number suffix |
.B84 S37 2008 |